| 000 | 01249nam a22002657a 4500 | ||
|---|---|---|---|
| 005 | 20100312095056.0 | ||
| 008 | 100312t xxu||||| |||| 00| 0 hin d | ||
| 010 | _aHIN-89113 | ||
| 020 |
_c175.00 _a9788189944162 |
||
| 035 | _aHN-61459 | ||
| 037 | _bDBAD / PUB | ||
| 040 |
_aDPL _bHN |
||
| 082 | _aउ | ||
| 100 |
_aभसीन, विवेक _917240 |
||
| 245 |
_aकृष्ण की मीरा / _cविवेक भसीन;बलदेव वंशी द्वारा संपादित |
||
| 246 |
_aKrishna ki meera _bby Vivek Bhasin |
||
| 260 |
_aनई दिल्ली _bइंडिया बुक्स कम्पनी _c2009 |
||
| 270 |
_aडब्ल्यू जैडृडी-14, दयाल सर कालोनी, उत्तम नगर _bनई दिल्ली _e110059 |
||
| 300 |
_a128पृ _c22सेमी (सजिल्द) |
||
| 650 |
_aहिन्दी कथा साहित्य _9657 |
||
| 650 |
_aHindi fiction _917241 |
||
| 700 |
_aवंशी, बलदेव _917242 |
||
| 942 |
_2ddc _cHN _mभसीन |
||
| 999 |
_c34616 _d34616 |
||